| 000 | 00625cam a2200253 4500 | ||
|---|---|---|---|
| 008 | 090401t1996 xxu||||| |||| 00| 0 eng d | ||
| 020 | _a0406992517 | ||
| 035 | _a(Sirsi) u2801 | ||
| 041 | _aeng | ||
| 050 | _a342.4106 | ||
| 100 | _aJones, Brian | ||
| 245 | _aGarner`s administrative law. | ||
| 250 | _a8th ed. | ||
| 260 |
_aLondon _bButterworths _c1996 |
||
| 300 | _axlvi,577p. ; 24cm. | ||
| 350 | _a29.95 | ||
| 520 | _aThis edition by Jones and Thompson. | ||
| 650 | _aADMINISTRATIVE LAW | ||
| 690 | _aLAW | ||
| 700 | _aThompson, Katharine | ||
| 700 | _aGarner, J.F. | ||
| 942 | _n0 | ||
| 948 | _c04/03/1997 | ||
| 999 |
_c85812 _d85812 |
||